| 000 | 01116 a2200301 4500 | ||
|---|---|---|---|
| 003 | OSt | ||
| 005 | 20180116192348.0 | ||
| 008 | 120529t xxu||||| |||| 00| 0 eng d | ||
| 010 | _a 2004051763 | ||
| 020 | _a0816635668 (alk. paper) | ||
| 020 | _a9780816635665 (alk. paper) | ||
| 020 | _a0816635676 | ||
| 020 | _a9780816635672 | ||
| 035 | _a(OCoLC)ocm55671601 | ||
| 035 | _a(OCoLC)55671601 | ||
| 040 | _c0 | ||
| 082 | 0 | 0 | _a153.12 |
| 100 | 1 |
_aAugeÌ, Marc. _92482 |
|
| 245 | 1 | 0 |
_aOblivion / _cMarc AugeÌ ; translated by Marjolijn de Jager ; foreword by James E. Young. |
| 260 |
_aMinneapolis : _bUniversity of Minnesota Press, _cc2004. |
||
| 300 |
_axii, 92 p. : _c21 cm. |
||
| 505 | _a memory and oblivion-- life as a narrative -- the three figures of oblivion-- a duty to forget -- | ||
| 650 | 1 | 0 |
_aMemory. _92483 |
| 856 | 4 | 1 |
_3Table of contents only _uhttp://www.loc.gov/catdir/toc/fy0706/2004051763.html |
| 942 |
_aSADA _cBK _k153.12 AUG 2004 _2ddc |
||
| 999 |
_c352822 _d352822 |
||